01157cam a2200241 a 450000100090000000300060000900500170001500800410003201000170007302000380009004000180012805000220014608200170016810000200018524500440020525000150024926000400026430000210030450400410032550504500036665000170081685600820083315101772GBCCL20241126110428.0071204s2008 iluab b 000 0 eng  a 2007049610 a9780830834228 (pbk. : alk. paper) aDLCcDLCdDLC00aBT1003b.L58 200800a239222bLIT1 aLittle, Paul E.10aKnow why you believe /cPaul E. Little. aIndian ed. aBombay :bJyoti pocketbooks,c1980. a110 p. :c21 cm. aIncludes bibliographical references.0 aIntroduction: How this book began -- Is Christianity rational? -- Is there a God? -- Is Christ God? -- Did Christ rise from the dead? -- Is the Bible God's Word? -- Are the Bible documents reliable? -- Does archaeology verify Scripture? -- Are miracles possible? -- Do science & Scripture agree? -- Why does God allow suffering & evil? -- Does Christianity differ from other world religions? -- Is Christian experience valid? -- Study questions. 0aApologetics.413Table of contents onlyuhttp://www.loc.gov/catdir/toc/ecip086/2007049610.html